Regulácia finančných trhov a jej dôsledky diplomová práca

Gespeichert in:
Bibliographische Detailangaben
1. Verfasser: Bukovičová, Patrícia
Körperschaft: Podnikovohospodárska fakulta EU so sídlom v Košiciach. Katedra ekonómie
Weitere Verfasser: Baumöhl, Eduard, 1982-
Format: Buch
Sprache:Slowakisch
Veröffentlicht: Košice 2010
Tags: Tag hinzufügen
Keine Tags, Fügen Sie das erste Tag hinzu!

MARC

LEADER 00000nam$a2200000$$$4500
001 0123465
005 20240827092926.3
041 0 |a slo 
044 |a SK 
245 1 0 |a Regulácia finančných trhov a jej dôsledky  |b diplomová práca  |c Patrícia Bukovičová ; škol. Eduard Baumöhl 
264 1 |a Košice  |c 2010 
300 |a 70 s. 
100 1 |a Bukovičová, Patrícia 
700 1 |a Baumöhl, Eduard, 1982- 
710 2 |a Podnikovohospodárska fakulta EU so sídlom v Košiciach. Katedra ekonómie